| 000 | 00534nam a2200181 i 4500 | ||
|---|---|---|---|
| 001 | 35610 | ||
| 003 | ES-MaACL | ||
| 005 | 20230906155150.0 | ||
| 007 | t| | ||
| 008 | 030213s1913 fr ||||1| fre d | ||
| 100 | 1 |
_aBréal, Michel. _931536 |
|
| 245 | 1 | 4 |
_aLes mots latins _b: groupés d'aprés le sens et l'etymologie / _cpar Michel Bréal et Anatole bailly. |
| 250 | _a6eme ed. | ||
| 260 |
_aParis : _b[s.n., _c1913] ( _fRenouard) |
||
| 300 |
_a68 p. ; _c18 cm. |
||
| 700 | 1 |
_aBailly, Anatole. _924712 |
|
| 852 |
_aES-MaACL _jB-4283 |
||
| 999 |
_c35610 _d35610 |
||